书目信息 |
| 题名: |
文学变革与文学传统
|
|
| 作者: | 方锡德 著 | |
| 分册: | ||
| 出版信息: | 北京 北京大学出版社 2003 |
|
| 页数: | 447页 | |
| 开本: | 20cm | |
| 丛书名: | ||
| 单 册: | ||
| 中图分类: | I206.6-53 | |
| 科图分类: | ||
| 主题词: | 现代文学--文学研究--中国 , 现代文学--文学评论--中国 | |
| 电子资源: | ||
| ISBN: | 7-301-06246-X | |
| 000 | 00631nam0 2200217 450 | |
| 001 | 0640253140 | |
| 005 | 20060117111443.45 | |
| 010 | @a7-301-06246-X@dCNY25.00 | |
| 092 | @aCN | |
| 100 | @a20060117d2003 km y0chiy0120 ea | |
| 101 | 0 | @achi |
| 102 | @aCN@b110000 | |
| 200 | 1 | @a文学变革与文学传统@Awen xue bian ge yu wen xue chuan tong@f方锡德著@Ffang xi de zhu |
| 210 | @a北京@c北京大学出版社@d2003 | |
| 215 | 1 | @a447页@d20cm |
| 606 | 0 | @a现代文学@x文学研究@y中国 |
| 606 | 0 | @a现代文学@x文学评论@y中国 |
| 690 | @aI206.6-53@v4 | |
| 701 | 0 | @a方锡德@Afang xi de@4著 |
| 801 | 0 | @aCN@bPFT@c20060117 |
| 905 | @a10447@dI206.6-53@e144 | |
| 文学变革与文学传统/方锡德著.-北京:北京大学出版社,2003 |
| 447页;20cm |
| ISBN 7-301-06246-X:CNY25.00 |
| ● |
| 相关链接 |
|
|
|
|
正题名:文学变革与文学传统
索取号:I206.6-53/144
 
预约/预借
| 序号 | 登录号 | 条形码 | 馆藏地/架位号 | 状态 | 备注 |
| 1 | 0338073 | 203380732 | 第一样本阅览室/ [索取号:I206.6-53/144] | 在馆 | |
| 2 | 0338074 | 203380741 | 第二借阅区/ [索取号:I206.6-53/144] | 在馆 | |
| 3 | 0338075 | 203380750 | 第二借阅区/ [索取号:I206.6-53/144] | 在馆 | |
| 4 | 0338076 | 203380769 | 第二借阅区/ [索取号:I206.6-53/144] | 在馆 | |
| 5 | 0338077 | 203380778 | 第二借阅区/ [索取号:I206.6-53/144] | 在馆 | |
| 6 | 0338078 | 203380787 | 第二借阅区/ [索取号:I206.6-53/144] | 在馆 | |
| 7 | 0338079 | 203380796 | 第二借阅区/ [索取号:I206.6-53/144] | 在馆 | |
| 8 | 0338080 | 203380803 | 第二借阅区/ [索取号:I206.6-53/144] | 在馆 | |
| 9 | 0338081 | 203380812 | 第二借阅区/ [索取号:I206.6-53/144] | 在馆 | |
| 10 | 0338082 | 203380821 | 第二借阅区/ [索取号:I206.6-53/144] | 在馆 |